Plastics technology; basic materials and processes (Record no. 69372)

000 -LEADER
fixed length control field 00692nam a22002291 4500
001 - CONTROL NUMBER
control field 2168500
003 - CONTROL NUMBER IDENTIFIER
control field NUST - PNEC
005 - DATE AND TIME OF LATEST TRANSACTION
control field 20170116181117.0
008 - FIXED-LENGTH DATA ELEMENTS--GENERAL INFORMATION
fixed length control field 711124s1965 ilua b 000 0 eng
010 ## - LIBRARY OF CONGRESS CONTROL NUMBER
LC control number 65019551
040 ## - CATALOGING SOURCE
Original cataloging agency DLC
Transcribing agency LIBRARY
Modifying agency DLC
050 00 - LIBRARY OF CONGRESS CALL NUMBER
Classification number TP1120
Item number .S95
082 00 - DEWEY DECIMAL CLASSIFICATION NUMBER
Classification number 668.4 SWA
100 1# - MAIN ENTRY--PERSONAL NAME
Personal name Swanson, Robert Sterling.
245 10 - TITLE STATEMENT
Title Plastics technology; basic materials and processes
Statement of responsibility, etc. [by] Robert S. Swanson.
260 ## - PUBLICATION, DISTRIBUTION, ETC.
Place of publication, distribution, etc. Bloomington, Ill.,
Name of publisher, distributor, etc. McKnight & McKnight Pub. Co.
Date of publication, distribution, etc. [1965]
300 ## - PHYSICAL DESCRIPTION
Extent 232 p.
Other physical details illus.
Dimensions 27 cm.
504 ## - BIBLIOGRAPHY, ETC. NOTE
Bibliography, etc. note Bibliography: p. 223-225.
650 #0 - SUBJECT ADDED ENTRY--TOPICAL TERM
Topical term or geographic name entry element Plastics.
906 ## - LOCAL DATA ELEMENT F, LDF (RLIN)
a 7
b cbc
c orignew
d u
e ocip
f 19
g y-gencatlg
942 ## - ADDED ENTRY ELEMENTS (KOHA)
Source of classification or shelving scheme
Koha item type Book
Holdings
Withdrawn status Lost status Source of classification or shelving scheme Damaged status Not for loan Permanent Location Current Location Shelving location Date acquired Total Checkouts Full call number Barcode Date last seen Price effective from Koha item type
          Pakistan Navy Engineering College (PNEC) Pakistan Navy Engineering College (PNEC)       668.4 SWA PNECLIB-013336 10/04/2015   Book
          Pakistan Navy Engineering College (PNEC) Pakistan Navy Engineering College (PNEC)       668.4 SWA PNECLIB-013234 10/04/2015   Book
© 2023 Central Library, National University of Sciences and Technology. All Rights Reserved.